Home Print Resources E-Books E-Journals IIMT Lecture Series Library Membership Form Book Recommendation Form Campus Tour Take AdmissionAbout Us Contact Us

OBJECT ORIENTED PROGRAMMING (Record no. 53043)

000 -LEADER
fixed length control field 00411nam a22001697a 4500
003 - CONTROL NUMBER IDENTIFIER
control field OSt
005 - DATE AND TIME OF LATEST TRANSACTION
control field 20240207144908.0
008 - FIXED-LENGTH DATA ELEMENTS--GENERAL INFORMATION
fixed length control field 220714b xxu||||| |||| 00| 0 eng d
020 ## - INTERNATIONAL STANDARD BOOK NUMBER
International Standard Book Number 978-9389949186
040 ## - CATALOGING SOURCE
Transcribing agency IIMT UNIVERSITY, MEERUT
100 ## - MAIN ENTRY--PERSONAL NAME
Personal name BALAGURUSAMY, E
245 ## - TITLE STATEMENT
Title OBJECT ORIENTED PROGRAMMING
250 ## - EDITION STATEMENT
Edition statement 3 RD
260 ## - PUBLICATION, DISTRIBUTION, ETC.
Place of publication, distribution, etc. MC GRAW HILL
Name of publisher, distributor, etc. NEW DELHI
Date of publication, distribution, etc. 2007
300 ## - PHYSICAL DESCRIPTION
Extent 614
942 ## - ADDED ENTRY ELEMENTS (KOHA)
Source of classification or shelving scheme
Koha item type Book Bank
Holdings
Withdrawn status Lost status Source of classification or shelving scheme Damaged status Not for loan Home library Current library Date acquired Cost, normal purchase price Total Checkouts Barcode Date last seen Price effective from Koha item type Date last checked out
          IIMT University Central Library Meerut IIMT University Central Library Meerut 07/14/2022 220.00   01-B-33945 07/14/2022 07/14/2022 Book Bank  
          IIMT University Central Library Meerut IIMT University Central Library Meerut 07/14/2022 220.00 1 01-B-33946 10/13/2023 07/14/2022 Book Bank 09/18/2023
          IIMT University Central Library Meerut IIMT University Central Library Meerut 07/14/2022 220.00   01-B-33947 07/14/2022 07/14/2022 Book Bank  
IIMT, Central Library. All Rights Reserved IIMT,UNIVERSITY © 2023
Implemented and Customised by I CLOUDE EMS
You Are OPAC Visitor No
free web counter

Powered by Koha